| 000 | 00879nam a2200289 a 4500 | ||
|---|---|---|---|
| 001 | 551047 | ||
| 003 | OSt | ||
| 005 | 20210219165531.0 | ||
| 008 | 880426s1989 maua b 001 0 eng | ||
| 010 | _a 88081328 | ||
| 020 | _a0395433045 | ||
| 040 |
_aDLC _cDLC _dDLC _dPHNSL |
||
| 050 | 0 | 0 |
_aRT41 _b.E4 1989 |
| 082 | 0 | 0 |
_a610.73 _220 |
| 100 | 1 | _aEllis, Janice Rider. | |
| 245 | 1 | 0 |
_aNursing, a human needs approach / _cJanice Rider Ellis, Elizabeth Ann Nowlis. |
| 250 | _a4th ed. | ||
| 260 |
_aBoston : _bHoughton Mifflin Co., _c1989. |
||
| 300 |
_axxviii, 1001 p. : _bill. ; _c29 cm. |
||
| 504 | _aIncludes bibliographical references. | ||
| 650 | 0 | _aNursing. | |
| 650 | 0 | _aNurse and patient. | |
| 700 | 1 | _aNowlis, Elizabeth Ann. | |
| 906 |
_a7 _bcbc _corignew _d2 _eopcn _f19 _gy-gencatlg |
||
| 942 |
_2lcc _cBK |
||
| 999 |
_c472 _d472 |
||